[Event "GER-ch Schools U18 Girls"]
[Site "Germany"]
[Date "2010.05.08"]
[Round "6.2"]
[White "Erol, Nuriye Oezgue"]
[Black "Wolff, Marie Antoinette"]
[Result "0-1"]
[WhiteElo "800"]
[BlackElo "939"]
[PlyCount "112"]
[EventDate "2010.05.07"]
[EventType "team-swiss"]
[EventRounds "7"]
[EventCountry "GER"]
[SourceTitle "EXT 2011"]
[Source "ChessBase"]
[SourceDate "2010.11.26"]
[SourceVersion "1"]
[SourceVersionDate "2010.11.26"]
[SourceQuality "1"]
[WhiteTeam "Berlin FvSG (W)"]
[BlackTeam "Leegebruch (W)"]
[WhiteTeamCountry "GER"]
[BlackTeamCountry "GER"]

1. e4 e5 2. Nf3 Nc6 3. Bc4 Nf6 4. d3 g6 5. Nc3 Bg7 6. 0-0 0-0 7. Bg5 d6 8. Nd5 Bg4 9. h3 Bxf3 10. Qxf3 Nd4 11. Bxf6 Nxf3+ 12. Kh1 Bxf6 13. gxf3 Bh4 14. f4 c6 15. Nc3 exf4 16. d4 f3 17. Rg1 Qc8 18. Kh2 Qc7 19. Rg4 d5+ 20. e5 Bxf2 21. Rf1 dxc4 22. Rxf2 c5 23. Nd5 Qa5 24. b3 Qe1 25. Rxf3 Qe2+ 26. Kg3 cxb3 27. axb3 cxd4 28. c4 dxc3 29. Nxc3 Qxe5+ 30. Kg2 f5 31. Rc4 f4 32. Re4 Qg5+ 33. Kh2 Rad8 34. h4 Qxh4+ 35. Kg2 Rd2+ 36. Re2 Qg4+ 37. Kf2 Rxe2+ 38. Nxe2 Qh4+ 39. Kf1 Rd8 40. Rxf4 Rd1+ 41. Kg2 Qg5+ 42. Kf3 Rf1+ 43. Ke3 Qe5+ 44. Re4 Qc5+ 45. Rd4 b5 46. b4 Qb6 47. Kd3 Rf3+ 48. Kd2 a5 49. Kd1 a4 50. Kc1 a3 51. Kb1 Rf1+ 52. Kc2 a2 53. Ng3 Qxd4 54. Nxf1 a1R 55. Nd2 Ra2+ 56. Kb1 Qb2# 0-1